000
00181nam a2200085Ia 4500
008
250605s9999 xx 000 0 und d
041
_a
eng
100
_a
Anurupa Ghosh
245
_a
KyePot
999
_c
45017
_d
45017